| Tag |
First Indicator |
Second Indicator |
Subfields |
| LEADER |
00000cam a2200000 4500 |
| 001 |
in00000066102 |
| 005 |
20151008051246.0 |
| 008 |
760220s1953 nyuc 00110deng |
| 010 |
|
|
|a 53006690
|
| 035 |
|
|
|a (OCoLC)02003025
|
| 035 |
|
|
|9 AAG6804AM
|
| 040 |
|
|
|a DLC
|c ZIH
|d TXA
|d UtOrBLW
|
| 049 |
|
|
|a TXAM
|c [217819]
|
| 050 |
|
0 |
|a HD9135
|b .K6
|
| 092 |
|
|
|a 338.47679
|b K81f
|
| 100 |
1 |
|
|a Kolodny, Joseph,
|d 1902-
|
| 245 |
1 |
0 |
|a 4000 years of service ;
|b the story of the wholesale tobacco industry and its pioneers /
|c by Joseph Kolodny. With a foreword by Charles Sawyer.
|
| 264 |
|
1 |
|a New York :
|b Farrar, Straus and Young,
|c [1953]
|
| 300 |
|
|
|a x, 309 pages :
|b portraits ;
|c 22 cm.
|
| 336 |
|
|
|a text
|b txt
|2 rdacontent
|
| 337 |
|
|
|a unmediated
|b n
|2 rdamedia
|
| 338 |
|
|
|a volume
|b nc
|2 rdacarrier
|
| 610 |
2 |
0 |
|a National Association of Tobacco Distributors.
|
| 650 |
|
0 |
|a Tobacco industry
|z United States.
|
| 999 |
|
|
|a MARS
|
| 999 |
f |
f |
|s 18cc3e33-6240-36c4-bacf-d2bd376b13f2
|i 00f84ef8-f93d-3d4f-b8db-dd304dcfffbf
|t 0
|
| 952 |
f |
f |
|p ric
|a Texas A&M University
|b Rellis Campus
|c Joint Library Facility
|d Remote Storage
|t 0
|e HD9135 .K6
|h Library of Congress classification
|i unmediated -- volume
|m A14800766920
|
| 998 |
f |
f |
|a HD9135 .K6
|t 0
|l Remote Storage
|